Fr. Conceicao Rodrigues College of Engineering

Clutches and Brakes:Design and selection (Record no. 29308)

MARC details
000 -LEADER
fixed length control field 00365nam a2200169Ia 4500
082 ## - DEWEY DECIMAL CLASSIFICATION NUMBER
Classification number 629.246
Item number ORT
100 ## - MAIN ENTRY--PERSONAL NAME
Personal name Orthwein/William C
250 ## - EDITION STATEMENT
Edition statement 2
245 ## - TITLE STATEMENT
Title Clutches and Brakes:Design and selection
260 ## - PUBLICATION, DISTRIBUTION, ETC.
Name of publisher, distributor, etc. Marcel Dekker
Date of publication, distribution, etc. 2004
366 ## - TRADE AVAILABILITY INFORMATION
Publishers's discount category 27
300 ## - PHYSICAL DESCRIPTION
Extent 330
546 ## - LANGUAGE NOTE
Language note ENGLISH
-- Info.Tech
650 ## - SUBJECT ADDED ENTRY--TOPICAL TERM
Topical term or geographic name entry element Design
942 ## - ADDED ENTRY ELEMENTS (KOHA)
Koha item type Reference Book
Holdings
Withdrawn status Lost status Damaged status Not for loan Collection Home library Current library Date acquired Source of acquisition Cost, normal purchase price Inventory number Total Checkouts Full call number Barcode Date last seen Cost, replacement price Price effective from Koha item type
        CRC Fr. Agnel's C.Rodrigues College of Engineering Fr. Agnel's C.Rodrigues College of Engineering 17/03/2023 Allied Publishers 2186.35 1521 dt 02/12/2013   629.246 ORT 23026 17/03/2023 2995.00   Reference Book